Sports Quiz

Random Sports or Board Games Quiz

2010-11 Bowl Game Winners Quiz Stats

 Plays Quiz not verified by Sporcle

Support Sporcle.
Go Orange.
Score 0/35 Timer 08:00
0 Plays Today
Bowl Winner % Correct
BCS National Championship BowlAuburn
100%
Rose BowlTCU
89.3%
Outback BowlFlorida
85.7%
Fiesta BowlOklahoma
85.7%
Sugar BowlOhio State
85.7%
Las Vegas BowlBoise State
82.1%
Capital One BowlAlabama
82.1%
Orange BowlStanford
82.1%
Cotton BowlLSU
82.1%
Holiday BowlWashington
75%
Chick-Fil-A BowlFlorida State
71.4%
Ticketcity BowlTexas Tech
71.4%
Insight BowlIowa
67.9%
Military BowlMaryland
64.3%
Alamo BowlOklahoma State
64.3%
Music City BowlNorth Carolina
64.3%
Sun BowlNotre Dame
64.3%
Gator BowlMississippi State
64.3%
Bowl Winner % Correct
Armed Forces BowlArmy
60.7%
GoDaddy.com BowlMiami (Ohio)
60.7%
Fight Hunger BowlNevada
60.7%
BBVA Compass BowlPittsburgh
57.1%
New Mexico BowlBYU
53.6%
Texas BowlIllinois
53.6%
Pinstripe BowlSyracuse
46.4%
Meinke Car Care BowlUSF
46.4%
Liberty BowlUCF
46.4%
Hawaii BowlTulsa
42.9%
Independence BowlAir Force
42.9%
St. Petersburg BowlLouisville
39.3%
Poinsettia BowlSan Diego State
39.3%
Champs Sports BowlNC State
39.3%
New Orleans BowlTroy
21.4%
Little CaesarsFlorida International
21.4%
Humanitarian BowlNorthern Illinois
17.9%

You're not logged in!

Compare scores with friends on all Sporcle quizzes.
OR
Log In

From the Vault

Star Wars or Marvel Character?

by Yankees2003

Luke! How'd you sneak into the MCU?
Remove Ads.
Support Sporcle.
Get the best of Sporcle when you Go Orange. This ad-free experience offers more features, more stats, and more fun while also helping to support Sporcle. Thank you for becoming a member.

Show Comments

Extras

Top Quizzes Today


Score Distribution

Your Account Isn't Verified!

In order to create a playlist on Sporcle, you need to verify the email address you used during registration. Go to your Sporcle Settings to finish the process.

Report this User

Report this user for behavior that violates our Community Guidelines.

Details: